000 00449nam a2200181Ia 4500
001 24566
005 20260414151052.0
008 260414t2011||||xx |||||||||||||| ||spa||
041 _aESP
082 _a345.721
_bB141 V. 14
100 _aAlva Navarro, Esteban
_eAUT
245 0 _aLa anulación del laudo :
_bprimera parte
260 _c2011
300 _a485 páginas :
_c24 cm.
650 _aDER
654 _aCDE
942 _cLIB
_dJUS
_fJUS
_2ddc
_n
999 _c24566
_d24566